• 首页
  • 本馆介绍
  • 公告通知
  • 最新文献
  • 馆藏检索
  • 电子资源
  • 读者导购
  • 参考咨询
  • 我的图书馆
  • 登录
  • 详细信息显示
  • 放入我的书架
  • 预约/预借图书
  • 作者相关作品
  • 分类相关作品
  • 丛书相关作品
  • 出版社相关作品

书目信息

  • 表格格式
  • 工作单格式
  • 卡片格式
题名:
小楷字帖
    
 
作者: 陈慎之 书
分册:  
出版信息: 南京   江苏人民出版社  1982
页数: 40页
开本: 26cm
丛书名:
单 册:
中图分类: J292.33
科图分类:
主题词: 楷书-法帖--中国--现代 , 法帖-楷书--中国--现代
电子资源:
ISBN:
000 00657nam0 2200253 45
001 0182007332
005 20040520145453.5
010    @dCNY0.27
091    @a7100.171
100    @a19950704d1982 em y0chiy0121 ea
101 0  @achi
102    @aCN@b320000
105    @ay z 000yy
106    @ar
200 10 @a小楷字帖@Axiao kai zi tie@f陈慎之书
210    @a南京@c江苏人民出版社@d1982
215    @a40页@d26cm
606    @a楷书-法帖@y中国@z现代
606    @a法帖-楷书@y中国@z现代
690    @aJ292.33@v3
701  0 @a陈慎之@Achen shen zhi@4书
801  0 @aCN@b上海图书馆@c20040520
801  2 @aCN@bNLC@c20040520
905    @f1@b218029@dJ292.33@e202
    
    小楷字帖/陈慎之书.-南京:江苏人民出版社,1982
    40页;26cm
    
    
    ISBN :CNY0.27
    
●
相关链接 在E读中查询图书 在五车中查询图书 在当当中查询图书 在豆瓣中查询图书


正题名:小楷字帖     索取号:J292.33/202         预约/预借

序号 登录号 条形码 馆藏地/架位号 状态 备注
1 0218029   001210601   第一样本阅览室/ [索取号:J292.33/202] 在馆    
唐山师范学院图书馆 欢迎您!
大连网信软件有限公司© 版权所有